[Event "Sao Paulo Seniors-ch"]
[Site "Sao Paulo"]
[Date "2015.12.13"]
[Round "7"]
[White "De Gois Junior, Joao Vieira"]
[Black "De Oliveira, Francemir Barra"]
[Result "1-0"]
[WhiteElo "1914"]
[BlackElo "1692"]
[PlyCount "69"]
[EventDate "2015.12.10"]
[EventType "swiss"]
[EventRounds "7"]
[EventCountry "BRA"]
[SourceTitle "EXT 2017"]
[Source "ChessBase"]
[SourceDate "2016.10.25"]
[SourceVersion "1"]
[SourceVersionDate "2016.10.25"]
[SourceQuality "1"]

1. d4 e6 2. c4 b6 3. Nc3 Bb7 4. e3 f5 5. Nf3 Nf6 6. Be2 Be7 7. 0-0 0-0 8. Qc2 Kh8 9. b3 Rg8 10. Ne5 Qf8 11. f3 d6 12. Nd3 a6 13. d5 e5 14. Nf2 Bc8 15. Bd3 g6 16. Bb2 Nbd7 17. b4 Bb7 18. Qe2 h6 19. a4 c6 20. e4 f4 21. g4 g5 22. Kg2 Kg7 23. Rh1 Kf7 24. dxc6 Bxc6 25. Nd5 Bb7 26. a5 Bxd5 27. exd5 b5 28. Bf5 Rh8 29. Be6+ Kg7 30. Rac1 Qb8 31. h4 Qb7 32. Qd3 Rac8 33. hxg5 hxg5 34. Qf5 Nxd5 35. Qf7# 1-0

[Event "Sao Paulo Seniors-ch"]
[Site "Sao Paulo"]
[Date "2015.12.11"]
[Round "3"]
[White "De Gois Junior, Joao Vieira"]
[Black "Zoratto, Dante Leonardo"]
[Result "1/2-1/2"]
[WhiteElo "1914"]
[BlackElo "1767"]
[PlyCount "74"]
[EventDate "2015.12.10"]
[EventType "swiss"]
[EventRounds "7"]
[EventCountry "BRA"]
[SourceTitle "EXT 2017"]
[Source "ChessBase"]
[SourceDate "2016.10.25"]
[SourceVersion "1"]
[SourceVersionDate "2016.10.25"]
[SourceQuality "1"]

1. d4 d5 2. Nf3 Nf6 3. g3 e6 4. Bg2 Be7 5. 0-0 0-0 6. c4 c5 7. cxd5 Nxd5 8. e4 Nb6 9. Be3 cxd4 10. Bxd4 Nc6 11. Bc3 Bf6 12. e5 Be7 13. Nbd2 Qc7 14. Qe2 Nd5 15. Rac1 Qb6 16. Nc4 Qa6 17. b3 Rd8 18. Rfd1 b5 19. Nd6 Bxd6 20. exd6 Rxd6 21. Ba1 Bb7 22. Bf1 Ncb4 23. Qb2 Nf6 24. Rxd6 Qxd6 25. Bg2 Rd8 26. Qe2 a6 27. a3 Nbd5 28. Bb2 Rd7 29. Ne5 Rc7 30. Nd3 Rxc1+ 31. Nxc1 Qb6 32. h3 Qc5 33. Nd3 Qc7 34. Bd4 Nc3 35. Qe5 Qxe5 36. Bxe5 Nfd5 37. Nc5 Bc8 1/2-1/2

[Event "Sao Paulo Hebraica op 19th"]
[Site "Sao Paulo"]
[Date "2015.01.11"]
[Round "5"]
[White "Jose, Anderson Willians"]
[Black "De Gois Junior, Joao Vieira"]
[Result "0-1"]
[WhiteElo "1644"]
[BlackElo "1921"]
[PlyCount "97"]
[EventDate "2015.01.08"]
[EventType "swiss"]
[EventRounds "6"]
[EventCountry "BRA"]
[SourceTitle "CBM 164 Extra"]
[Source "ChessBase"]
[SourceDate "2015.03.02"]
[SourceVersion "1"]
[SourceVersionDate "2015.03.02"]
[SourceQuality "1"]

1. Nc3 e6 2. g3 d5 3. d4 c6 4. Bg2 Bd6 5. e4 b6 6. e5 Bf8 7. Nce2 Bb7 8. Nf3 Qd7 9. 0-0 c5 10. c3 Nc6 11. Re1 Nge7 12. h4 c4 13. b3 Nf5 14. g4 Nfe7 15. bxc4 dxc4 16. Qa4 Nxe5 17. Qxd7+ Nxd7 18. Nf4 Nf6 19. g5 Nfd5 20. Ne5 Rc8 21. Ba3 f6 22. Nxe6 fxe5 23. Rxe5 Kf7 24. Nxf8 Rhxf8 25. Bxe7 Nxe7 26. Bxb7 Rc7 27. Be4 g6 28. Re1 Nc8 29. Bd5+ Kg7 30. Kg2 b5 31. Kg3 Rd8 32. Be6 Nd6 33. Bg4 Kf8 34. R1e3 b4 35. cxb4 c3 36. Rc5 Rxc5 37. dxc5 c2 38. Re1 Ne4+ 39. Kf3 Rd1 40. Rxe4 c1Q 41. Be6 Rd3+ 42. Kg2 Qd1 43. Rf4+ Ke8 44. c6 Kd8 45. Rf7 Qc2 46. c7+ Qxc7 47. Rxc7 Kxc7 48. a4 Rd4 49. Bg8 0-1

[Event "Sao Paulo Hebraica op 19th"]
[Site "Sao Paulo"]
[Date "2015.01.10"]
[Round "4"]
[White "De Gois Junior, Joao Vieira"]
[Black "Van Riemsdijk, Dirk Dagobert"]
[Result "0-1"]
[WhiteElo "1921"]
[BlackElo "2079"]
[PlyCount "36"]
[EventDate "2015.01.08"]
[EventType "swiss"]
[EventRounds "6"]
[EventCountry "BRA"]
[SourceTitle "CBM 164 Extra"]
[Source "ChessBase"]
[SourceDate "2015.03.02"]
[SourceVersion "1"]
[SourceVersionDate "2015.03.02"]
[SourceQuality "1"]

1. d4 Nf6 2. c4 c5 3. Nf3 cxd4 4. Nxd4 e5 5. Nb5 d5 6. e3 a6 7. N5a3 Nc6 8. Be2 d4 9. exd4 exd4 10. 0-0 Bd6 11. Nc2 Bf5 12. Bd3 Bxd3 13. Qxd3 0-0 14. Nd2 Qc7 15. Nf3 Ng4 16. h3 Nh2 17. Ng5 g6 18. f4 Nxf1 0-1

[Event "Pan American-ch Seniors 50"]
[Site "Sao Paulo"]
[Date "2014.12.18"]
[Round "2"]
[White "Sopko, Cassio Roberto"]
[Black "De Gois Junior, Joao Vieira"]
[Result "1-0"]
[WhiteElo "1899"]
[BlackElo "1915"]
[PlyCount "43"]
[EventDate "2014.12.17"]
[EventType "swiss"]
[EventRounds "7"]
[EventCountry "BRA"]
[SourceTitle "CBM 164 Extra"]
[Source "ChessBase"]
[SourceDate "2015.03.02"]
[SourceVersion "1"]
[SourceVersionDate "2015.03.02"]
[SourceQuality "1"]

1. b4 e5 2. Bb2 d6 3. e3 Nf6 4. c4 Nbd7 5. Nc3 g6 6. Nf3 c6 7. d4 e4 8. Nd2 d5 9. b5 Bg7 10. Ba3 Qa5 11. Qb3 a6 12. Bb4 Qd8 13. bxc6 bxc6 14. cxd5 cxd5 15. Nxd5 Rb8 16. Bc4 a5 17. Nxf6+ Qxf6 18. Nxe4 Rxb4 19. Nxf6+ Bxf6 20. Qc2 Nb6 21. Bd3 0-0 22. a3 1-0

[Event "Bairro op"]
[Site "Bairro Buritizal"]
[Date "2014.04.13"]
[Round "6"]
[White "Assef, Nathaly Regina Reis"]
[Black "De Gois Junior, Joao Vieira"]
[Result "0-1"]
[WhiteElo "1451"]
[BlackElo "1922"]
[PlyCount "44"]
[EventDate "2014.04.11"]
[EventType "swiss"]
[EventRounds "6"]
[EventCountry "BRA"]
[SourceTitle "CBM 160 Extra"]
[Source "ChessBase"]
[SourceDate "2014.07.01"]
[SourceVersion "1"]
[SourceVersionDate "2014.07.01"]
[SourceQuality "1"]

1. c4 e5 2. g3 Nf6 3. Bg2 Be7 4. Nc3 d6 5. d3 c6 6. Nf3 h6 7. 0-0 Nbd7 8. Rb1 a5 9. a3 d5 10. cxd5 Nxd5 11. Qc2 0-0 12. Nd2 N7f6 13. Nde4 Be6 14. Bd2 Qd7 15. Rfc1 Rfc8 16. Nxf6+ Nxf6 17. b4 axb4 18. axb4 Nd5 19. Ne4 b6 20. Bc3 f6 21. Qd1 Ra3 22. Rb3 Ne3 0-1

[Event "Bairro op"]
[Site "Bairro Buritizal"]
[Date "2014.04.13"]
[Round "5"]
[White "De Gois Junior, Joao Vieira"]
[Black "Hoshino, Karen M"]
[Result "1-0"]
[WhiteElo "1922"]
[BlackElo "1716"]
[PlyCount "145"]
[EventDate "2014.04.11"]
[EventType "swiss"]
[EventRounds "6"]
[EventCountry "BRA"]
[SourceTitle "CBM 160 Extra"]
[Source "ChessBase"]
[SourceDate "2014.07.01"]
[SourceVersion "1"]
[SourceVersionDate "2014.07.01"]
[SourceQuality "1"]

1. d4 Nf6 2. Nf3 d5 3. g3 c6 4. Bg2 Bg4 5. Nbd2 e6 6. Ne5 Bf5 7. 0-0 Nbd7 8. Ndf3 Be7 9. c3 0-0 10. h3 Nxe5 11. Nxe5 Be4 12. f3 Bf5 13. g4 Bg6 14. Nxg6 hxg6 15. Bf4 c5 16. e4 Qb6 17. Qd2 Rac8 18. e5 Nd7 19. Be3 cxd4 20. cxd4 Rc4 21. Rfc1 Bb4 22. Qf2 Rfc8 23. Rxc4 Rxc4 24. Bf1 Rc8 25. f4 Qc7 26. Bd3 Nb6 27. Rc1 Qd8 28. Rf1 Be7 29. g5 Nc4 30. Bc1 Qb6 31. Kg2 a6 32. h4 Kf8 33. h5 gxh5 34. f5 Ke8 35. fxe6 fxe6 36. b3 Na5 37. Qf7+ Kd7 38. Ba3 Nc6 39. Bc5 Qa5 40. b4 Qxa2+ 41. Rf2 Qa3 42. b5 Qxd3 43. bxc6+ Kxc6 44. Qxe6+ Kc7 45. Qxe7+ Kb8 46. Qd6+ Ka8 47. Qxd5 h4 48. Qf3 Qg6 49. Qf5 Qc6+ 50. Kh3 Qh1+ 51. Kg4 Qg1+ 52. Kh5 Rb8 53. Rf1 Qg2 54. Qf3 Rh8+ 55. Kg6 Rh6+ 56. Kf5 Qc2+ 57. Kg4 Kb8 58. Qf8+ Kc7 59. Qxg7+ Kc6 60. Qxh6+ Kd5 61. Qd6+ Kc4 62. Qe6+ Kb5 63. Qf5 Qg2+ 64. Kxh4 Qh2+ 65. Kg4 Qg2+ 66. Kh5 Qe2+ 67. Kg6 Qc4 68. Rb1+ Kc6 69. Rb6+ Kc7 70. e6 a5 71. Qf7+ Kc8 72. Qxb7+ Kd8 73. Qd7# 1-0

[Event "Bairro op"]
[Site "Bairro Buritizal"]
[Date "2014.04.12"]
[Round "4"]
[White "Francelli, Derli"]
[Black "De Gois Junior, Joao Vieira"]
[Result "0-1"]
[WhiteElo "1657"]
[BlackElo "1922"]
[PlyCount "88"]
[EventDate "2014.04.11"]
[EventType "swiss"]
[EventRounds "6"]
[EventCountry "BRA"]
[SourceTitle "CBM 160 Extra"]
[Source "ChessBase"]
[SourceDate "2014.07.01"]
[SourceVersion "1"]
[SourceVersionDate "2014.07.01"]
[SourceQuality "1"]

1. d4 e6 2. c4 f5 3. Nc3 Nf6 4. Nf3 c6 5. e3 d5 6. Bd3 Bd6 7. 0-0 0-0 8. Re1 Ne4 9. cxd5 exd5 10. Nd2 Bxh2+ 11. Kf1 Qh4 12. Bxe4 fxe4 13. f3 Bg3 14. Ke2 b6 15. Nf1 exf3+ 16. gxf3 Bxe1 17. Qxe1 Qh1 18. Nd2 Ba6+ 19. Kd1 Qg2 20. Ne2 Nd7 21. Nf4 Qh2 22. Nf1 Qh1 23. Nd2 Qxe1+ 24. Kxe1 Rae8 25. Kf2 g5 26. Ng2 c5 27. dxc5 Nxc5 28. Nb3 Ne4+ 29. Kg1 Rxf3 30. Nd4 Rf1+ 31. Kh2 h5 32. b4 Ref8 33. b5 Bc8 34. Nc6 R8f7 35. Bb2 Rxa1 36. Bxa1 Kh7 37. Ne5 Rf1 38. Bd4 g4 39. Nf4 g3+ 40. Kg2 Rf2+ 41. Kg1 h4 42. Ned3 Rxa2 43. Ne1 Bg4 44. Nxd5 h3 0-1

[Event "Bairro op"]
[Site "Bairro Buritizal"]
[Date "2014.04.11"]
[Round "1"]
[White "De Gois Junior, Joao Vieira"]
[Black "Oliveira, Magno"]
[Result "1-0"]
[WhiteElo "1922"]
[BlackElo "1800"]
[PlyCount "111"]
[EventDate "2014.04.11"]
[EventType "swiss"]
[EventRounds "6"]
[EventCountry "BRA"]
[SourceTitle "CBM 160 Extra"]
[Source "ChessBase"]
[SourceDate "2014.07.01"]
[SourceVersion "1"]
[SourceVersionDate "2014.07.01"]
[SourceQuality "1"]

1. d4 d6 2. c4 e5 3. dxe5 dxe5 4. Qxd8+ Kxd8 5. a3 Be6 6. e3 Na6 7. Nf3 f6 8. Be2 g5 9. h3 c6 10. Nbd2 Kc7 11. b3 Rd8 12. Bb2 Nc5 13. 0-0 Bg7 14. Rfd1 Nd3 15. Bc3 h5 16. Ne1 Nc5 17. a4 Bf5 18. b4 Nd3 19. Ndf3 Nxe1 20. Nxe1 Nh6 21. c5 g4 22. h4 Rhe8 23. b5 Rd5 24. Ba5+ Kb8 25. bxc6 Rxc5 26. c7+ Rxc7 27. Bxc7+ Kxc7 28. Rac1+ Kb8 29. Bb5 Rc8 30. Rxc8+ Kxc8 31. Be8 Be4 32. Bxh5 Bc6 33. Rc1 Kd7 34. Rc4 f5 35. f3 Bd5 36. Rc5 Bc6 37. Rc4 Bd5 38. Rc1 Bf6 39. Nd3 e4 40. fxe4 fxe4 41. Nf4 Bc6 42. Rd1+ Kc7 43. g3 Be7 44. Nd5+ Kd6 45. Nxe7+ Kxe7 46. a5 a6 47. Kf2 Bb5 48. Rd5 Bc6 49. Rg5 Bd7 50. Re5+ Kf6 51. Rxe4 Bf5 52. Rb4 Bc8 53. Rb6+ Kg7 54. Bg6 Nf7 55. Be4 Kf8 56. Bxb7 1-0

[Event "Sao Paulo Gato U2200 3rd"]
[Site "Sao Paulo"]
[Date "2013.11.09"]
[Round "4.4"]
[White "Dos Santos, Lucas Aparecido"]
[Black "De Gois Junior, Joao Vieira"]
[Result "1-0"]
[WhiteElo "2028"]
[BlackElo "1971"]
[PlyCount "58"]
[EventDate "2013.10.12"]
[EventType "tourn"]
[EventRounds "9"]
[EventCountry "BRA"]
[SourceTitle "EXT 2022"]
[Source "ChessBase"]
[SourceDate "2021.10.06"]
[SourceVersion "1"]
[SourceVersionDate "2021.10.06"]
[SourceQuality "1"]

1. Nf3 e6 2. c4 b6 3. Nc3 Bb7 4. d4 Nf6 5. Bf4 Be7 6. e3 Ne4 7. Bd3 f5 8. h3 d6 9. Rc1 Nd7 10. 0-0 0-0 11. Nd2 Ndf6 12. f3 Nxc3 13. Rxc3 Nd7 14. Bg3 Bf6 15. Rc1 g6 16. b4 a5 17. a3 axb4 18. axb4 Qe7 19. Qb3 Rfb8 20. Bf2 c5 21. Ra1 Qg7 22. Rxa8 Bxa8 23. Qc3 f4 24. exf4 cxd4 25. Qb3 Nf8 26. Re1 Kh8 27. Be4 Qc7 28. Qd3 e5 29. Ra1 Bxe4 1-0

[Event "Sao Paulo Gato U2200 3rd"]
[Site "Sao Paulo"]
[Date "2013.10.12"]
[Round "3.3"]
[White "De Gois Junior, Joao Vieira"]
[Black "Ribeiro, Marcos Willian de S"]
[Result "0-1"]
[WhiteElo "1971"]
[BlackElo "1930"]
[PlyCount "40"]
[EventDate "2013.10.12"]
[EventType "tourn"]
[EventRounds "9"]
[EventCountry "BRA"]
[SourceTitle "EXT 2022"]
[Source "ChessBase"]
[SourceDate "2021.10.06"]
[SourceVersion "1"]
[SourceVersionDate "2021.10.06"]
[SourceQuality "1"]

1. d4 f5 2. Nf3 Nf6 3. g3 g6 4. Bg2 Bg7 5. 0-0 0-0 6. Re1 d6 7. Bf4 c6 8. c3 Qc7 9. Qb3+ Kh8 10. Nbd2 Nd5 11. Ng5 e5 12. dxe5 dxe5 13. Bxd5 cxd5 14. Be3 h6 15. Ngf3 Be6 16. Qa4 Nc6 17. Qh4 f4 18. Bc5 Rf5 19. g4 Rf6 20. g5 Rf5 0-1

[Event "BRA-ch Amateur"]
[Site "Sao Paulo"]
[Date "2013.02.12"]
[Round "7"]
[White "Dibai, Jerry"]
[Black "De Gois Junior, Joao Vieira"]
[Result "0-1"]
[WhiteElo "1813"]
[BlackElo "1979"]
[PlyCount "104"]
[EventDate "2013.02.09"]
[EventType "swiss"]
[EventRounds "7"]
[EventCountry "BRA"]
[SourceTitle "CBM 152 Extra"]
[Source "ChessBase"]
[SourceDate "2013.02.25"]
[SourceVersion "1"]
[SourceVersionDate "2013.02.25"]
[SourceQuality "1"]

1. Nf3 e6 2. g3 f5 3. Bg2 Nf6 4. d3 Be7 5. 0-0 0-0 6. Nbd2 d6 7. e4 fxe4 8. dxe4 e5 9. c3 Kh8 10. Qb3 Nbd7 11. Ng5 Nc5 12. Qc4 c6 13. Nb3 b5 14. Qe2 Ne6 15. h3 Nxg5 16. Bxg5 Be6 17. Nd2 a5 18. Rfd1 Qe8 19. c4 b4 20. b3 a4 21. c5 axb3 22. axb3 Qf7 23. cxd6 Rxa1 24. Rxa1 Bxd6 25. Rb1 Nd7 26. Be3 Nc5 27. Nc4 Bxc4 28. Qxc4 Qxc4 29. bxc4 Rb8 30. Bxc5 Bxc5 31. Kf1 b3 32. Ke2 Bd4 33. f4 c5 34. fxe5 Bxe5 35. g4 g5 36. Bf1 b2 37. Kd1 Ra8 38. Bd3 Ra1 39. Ke2 Rxb1 40. Bxb1 h6 41. Kd3 Kg7 42. Kc2 Kf6 43. Kd3 Bd4 44. Ke2 Ke5 45. Kf3 Bg1 46. Bd3 Bh2 47. Ke3 Bf4+ 48. Kf3 Kd4 49. Ke2 Kc3 50. Bb1 Kxc4 51. Kd1 Kb3 52. Ke2 c4 0-1

[Event "BRA-ch Amateur"]
[Site "Sao Paulo"]
[Date "2013.02.11"]
[Round "5"]
[White "Frois, Vitor Amorim"]
[Black "De Gois Junior, Joao Vieira"]
[Result "0-1"]
[WhiteElo "1532"]
[BlackElo "1979"]
[PlyCount "186"]
[EventDate "2013.02.09"]
[EventType "swiss"]
[EventRounds "7"]
[EventCountry "BRA"]
[SourceTitle "CBM 152 Extra"]
[Source "ChessBase"]
[SourceDate "2013.02.25"]
[SourceVersion "1"]
[SourceVersionDate "2013.02.25"]
[SourceQuality "1"]

1. e4 e6 2. d4 d5 3. Nc3 Bb4 4. e5 c5 5. a3 Bxc3+ 6. bxc3 Qc7 7. Nf3 Ne7 8. Bd3 c4 9. Be2 Qa5 10. Qd2 Qa4 11. 0-0 Nd7 12. Rb1 a5 13. Re1 Ra6 14. Qg5 Qxc2 15. Bd2 Rb6 16. Rxb6 Nxb6 17. Qxg7 Rg8 18. Qf6 Nd7 19. Qf4 Qg6 20. Nh4 Qg7 21. g3 Ng6 22. Nxg6 fxg6 23. Qg4 Nb8 24. Bg5 h5 25. Qh3 b5 26. Rb1 Bd7 27. Bf6 Qf7 28. a4 b4 29. cxb4 Bxa4 30. Ra1 Bc2 31. Rxa5 Nc6 32. Ra6 Qc7 33. Qh4 Qb7 34. b5 Qxb5 35. Ra8+ Nb8 36. Bd8 g5 37. Bxg5 Kd7 38. Qxh5 Bg6 39. Qh6 Qb7 40. Ra1 Nc6 41. Bh5 Qb2 42. Rf1 Qc2 43. Bxg6 Qxg6 44. Qxg6 Rxg6 45. Be3 Na5 46. Kg2 Rg8 47. Ra1 Nc6 48. h4 Rc8 49. Rc1 Nb4 50. Bd2 Nd3 51. Rc2 Rf8 52. f4 Ke7 53. Kf3 Kf7 54. g4 Ra8 55. Bc3 Ra3 56. Ke2 Nxf4+ 57. Kf1 Nd3 58. h5 Kg7 59. Kg2 Rb3 60. Kh2 Ra3 61. Bd2 Ra1 62. Kg3 Rg1+ 63. Kf3 Rf1+ 64. Ke2 Rf2+ 65. Ke3 Rf4 66. g5 Rh4 67. h6+ Kg6 68. Kf3 Rxd4 69. Be3 Ne1+ 70. Ke2 Nxc2 71. Bxd4 Nxd4+ 72. Ke3 Nc6 73. Kf4 c3 74. Ke3 d4+ 75. Kd3 Nxe5+ 76. Kc2 Nf3 77. Kd3 Nxg5 78. h7 Nxh7 79. Kc2 Kf5 80. Kd3 e5 81. Kc2 Ke4 82. Kc1 Kd3 83. Kd1 c2+ 84. Kc1 Nf6 85. Kb2 Kd2 86. Kb3 c1Q 87. Kb4 Qc8 88. Ka5 Qb7 89. Ka4 Qb6 90. Ka3 Qb5 91. Ka2 Qb4 92. Ka1 Kc2 93. Ka2 Qb2# 0-1

[Event "BRA-ch Amateur"]
[Site "Sao Paulo"]
[Date "2013.02.09"]
[Round "2"]
[White "De Gois Junior, Joao Vieira"]
[Black "Aragao Neto, Joao Batista"]
[Result "1/2-1/2"]
[WhiteElo "1979"]
[BlackElo "1794"]
[PlyCount "51"]
[EventDate "2013.02.09"]
[EventType "swiss"]
[EventRounds "7"]
[EventCountry "BRA"]
[SourceTitle "CBM 152 Extra"]
[Source "ChessBase"]
[SourceDate "2013.02.25"]
[SourceVersion "1"]
[SourceVersionDate "2013.02.25"]
[SourceQuality "1"]

1. e4 c6 2. d4 d5 3. e5 Bf5 4. Ne2 e6 5. Ng3 Bg6 6. Be2 Ne7 7. Nd2 Nf5 8. Nxf5 Bxf5 9. 0-0 Be7 10. c3 Nd7 11. Nf3 0-0 12. h4 Bxh4 13. g3 Be7 14. Kg2 f6 15. Rh1 Be4 16. exf6 Bxf6 17. Rh2 e5 18. Kg1 Qe7 19. Be3 exd4 20. Bxd4 c5 21. Bxf6 Qxf6 22. Nd2 Bg6 23. Qb3 Nb6 24. Rf1 Bf7 25. Qc2 Bg6 26. Qb3 1/2-1/2

[Event "BRA-ch Amateur"]
[Site "Goiania"]
[Date "2012.02.19"]
[Round "4"]
[White "De Gois Junior, Joao Vieira"]
[Black "Andor, Jorge"]
[Result "1-0"]
[WhiteElo "1982"]
[BlackElo "1832"]
[PlyCount "117"]
[EventDate "2012.02.18"]
[EventType "swiss"]
[EventRounds "7"]
[EventCountry "BRA"]
[SourceTitle "CBM 147 Extra"]
[Source "ChessBase"]
[SourceDate "2012.04.24"]
[SourceVersion "1"]
[SourceVersionDate "2012.04.24"]
[SourceQuality "1"]

1. b3 Nf6 2. Bb2 d5 3. e3 c5 4. f4 Nc6 5. Nf3 a6 6. d4 e6 7. Bd3 Nb4 8. Be2 Ng4 9. Bc1 Qa5 10. 0-0 h5 11. h3 Nf6 12. a3 cxd4 13. exd4 Nc6 14. Bb2 Qc7 15. Ne5 Bd6 16. Nd2 g6 17. Bd3 Qb6 18. Ndf3 Nh7 19. Qd2 Bxe5 20. fxe5 Qd8 21. Qh6 Qe7 22. Bc1 Qf8 23. Qf4 Qg7 24. Bd2 Ne7 25. Bb4 Nf5 26. c4 g5 27. Qd2 g4 28. Bxf5 exf5 29. hxg4 fxg4 30. Nh4 Be6 31. cxd5 Bxd5 32. Nf5 Qg5 33. Nd6+ Kd7 34. Nxf7 Qxd2 35. Bxd2 Rhg8 36. Nh6 Rg6 37. Nf5 Rc8 38. Rac1 Rxc1 39. Rxc1 Bxb3 40. Ne3 b5 41. Ba5 Rc6 42. Rxc6 Kxc6 43. Kf2 Nf8 44. Nf5 Ng6 45. g3 Be6 46. Ng7 Kd5 47. Bd8 Bf7 48. Ke3 Nf8 49. Nf5 Ne6 50. Ba5 Ng5 51. Ne7+ Kc4 52. Nc6 Bd5 53. Nb8 Ne4 54. Kf4 Kxd4 55. Nxa6 Be6 56. Nc7 Nc5 57. Bb6 Bd5 58. Na6 Bb7 59. Nxc5 1-0